Kde se berou děti? /
Uloženo v:
| Hlavní autor: | |
|---|---|
| Další autoři: | |
| Médium: | Kniha |
| Jazyk: | Czech |
| Vydáno: |
V Praze :
Albatros,
2026
|
| Vydání: | 1. vydání |
| Edice: | Už vím proč? (Albatros)
|
| Témata: | |
| Celkem bylo vypůjčeno: | 0x |
| Tagy: |
Žádné tagy |
| LEADER | 02557nam a2200673 i 4500 | ||
|---|---|---|---|
| 001 | 106482 | ||
| 003 | CZ PrNK | ||
| 005 | 20260604151233.0 | ||
| 007 | ta | ||
| 008 | 260513s2026 xr a a f 000 0 cze | ||
| 015 | |a cnb003758069 | ||
| 020 | |a 9788000080802 |q (kroužková vazba) : |c Kč 349,00 | ||
| 040 | |a OLA001 |b cze |e rda | ||
| 041 | 1 | |a cze |h ger | |
| 072 | 7 | |a 613 |x Hygiena. Lidské zdraví |2 Konspekt |9 14 | |
| 072 | 7 | |a 0/9-053.2 |x Literatura pro děti a mládež (naučná) |2 Konspekt |9 26 | |
| 080 | |a 613.88:37.016 |2 MRF | ||
| 080 | |a 612.6 |2 MRF | ||
| 080 | |a 612.631 |2 MRF | ||
| 080 | |a 612.63 |2 MRF | ||
| 080 | |a 618.2/.3 |2 MRF | ||
| 080 | |a 618.4/.5 |2 MRF | ||
| 080 | |a (0.062) |2 MRF | ||
| 080 | |a (0.053.2) |2 MRF | ||
| 100 | 1 | |a Rübel, Doris, |d 1952- |7 xx0136742 |4 aut |9 117429 |4 ill | |
| 240 | 1 | 0 | |a Woher die kleinen Kinder kommen. |l Česky |
| 245 | 1 | 0 | |a Kde se berou děti? / |c ilustrace a text Doris Rübel ; z německého originálu Woher die kleinen Kinder kommen ... přeložil Michal Kolezsar |
| 250 | |a 1. vydání | ||
| 264 | 1 | |a V Praze : |b Albatros, |c 2026 | |
| 300 | |a 18 nečíslovaných stran : |b barevné ilustrace ; |c 28 cm | ||
| 336 | |a text |b txt |2 rdacontent | ||
| 336 | |a statický obraz |b sti |2 rdacontent | ||
| 337 | |a bez média |b n |2 rdamedia | ||
| 338 | |a svazek |b nc |2 rdacarrier | ||
| 490 | 1 | |a Už vím proč? | |
| 500 | |a Kroužková vazba v pevných deskách | ||
| 500 | |a Kartonové listy s odklápěcími okénky | ||
| 521 | 8 | |a Pro děti od 4 do 7 let | |
| 650 | 0 | 7 | |a sexuální výchova |7 ph117263 |2 czenas |9 2620 |
| 650 | 0 | 7 | |a rozmnožování člověka |7 ph135019 |2 czenas |9 90127 |
| 650 | 0 | 7 | |a oplodnění |7 ph168743 |2 czenas |
| 650 | 0 | 7 | |a těhotenství |7 ph126830 |2 czenas |
| 650 | 0 | 7 | |a porod |7 ph124364 |2 czenas |
| 650 | 0 | 9 | |a sex education |2 eczenas |
| 650 | 0 | 9 | |a human reproduction |2 eczenas |
| 650 | 0 | 9 | |a fertilization (biology) |2 eczenas |
| 650 | 0 | 9 | |a pregnancy |2 eczenas |
| 650 | 0 | 9 | |a childbirth |2 eczenas |
| 655 | 7 | |a populárně-naučné publikace |7 fd131864 |2 czenas |9 102 | |
| 655 | 7 | |a publikace pro děti |7 fd133156 |2 czenas |9 23 | |
| 655 | 9 | |a popular works |2 eczenas | |
| 655 | 9 | |a children's literature |2 eczenas | |
| 700 | 1 | |a Kolezsar, Michal |7 ola2013793950 |4 trl |9 23975 | |
| 710 | 2 | |a Nakladatelství Albatros |7 kn20010724027 |4 pbl |9 108199 | |
| 830 | 0 | |a Už vím proč? (Albatros) | |
| 910 | |a UOG502 | ||
| 942 | |2 ddc |c KN | ||
| 999 | |d 106482 | ||
| 993 | |0 0 |1 421180107202 |2 ddc |4 0 |6 61_000000000000000 |7 0 |9 99926 |b 0 |c 107202 |d 2026-06-04 |e 0 |f M |g 61 |h 349.00 |i Koupě |l M |r 2026-06-04 |t 7 |w 2026-06-04 |y KN |z NAUCNA |n | ||